Durkheim y el totemismo en la religión contemporánea : (Record no. 187206)
[ view plain ]
| 000 -CABECERA | |
|---|---|
| campo de control de longitud fija | 00794nam a2200241 a 4500 |
| 005 - FECHA Y HORA DE LA ÚLTIMA TRANSACCIÓN | |
| campo de control | 20220901152551.0 |
| 008 - ELEMENTOS DE LONGITUD FIJA--INFORMACIÓN GENERAL | |
| campo de control de longitud fija | 161202s1985 mx r 000 0 spa d |
| 020 ## - NÚMERO INTERNACIONAL NORMALIZADO PARA LIBROS | |
| Número Internacional Estándar del Libro | 968840196X |
| 035 ## - NÚMERO DE CONTROL DEL SISTEMA | |
| Número de control de sistema | UPN01000215106 |
| 049 ## - COLECCIÓN | |
| Colección | CG |
| 050 #4 - SIGNATURA TOPOGRÁFICA DE LA BIBLIOTECA DEL CONGRESO | |
| Número de clasificación | BL60 |
| Número de documento/Ítem | F4.2 |
| 100 1# - ASIENTO PRINCIPAL--NOMBRE PERSONAL | |
| Nombre de persona | Ferraro, Joseph |
| 9 (RLIN) | 39903 |
| 245 10 - MENCIÓN DE TÍTULO | |
| Título | Durkheim y el totemismo en la religión contemporánea : |
| Resto del título | un estudio sociológico sobre el Vaticano II / |
| Mención de responsabilidad, etc. | Joseph Ferraro. |
| 260 ## - PUBLICACIÓN, DISTRIBUCIÓN, ETC. | |
| Lugar de publicación, distribución, etc. | México : |
| Nombre del editor, distribuidor, etc. | UAM-Iztapalapa, |
| Fecha de publicación, distribución, etc. | 1985. |
| 300 ## - DESCRIPCIÓN FÍSICA | |
| Extensión | v. |
| 440 #0 - MENCIÓN DE SERIE/ASIENTO SECUNDARIO--TÍTULO | |
| Título | Cuadernos universitarios ; |
| Designación de volumen o secuencia | 28 |
| 500 ## - NOTA GENERAL | |
| Nota general | La biblioteca tienen el vol. 2 |
| 650 #2 - ASIENTO SECUNDARIO DE MATERIA - TERMINO TEMATICO | |
| Término de materia o nombre geográfico como elemento de entrada | Religión y sociología |
| 9 (RLIN) | 6349 |
| 600 12 - ASIENTO SECUNDARIO DE MATERIA - NOMBRE PERSONAL | |
| Nombre de persona | Durkheim, Emile, |
| Fechas asociadas al nombre | 1858-1917 - |
| Subdivisión general | Crítica e interpretación |
| 9 (RLIN) | 15383 |
| 650 #7 - ASIENTO SECUNDARIO DE MATERIA - TERMINO TEMATICO | |
| Término de materia o nombre geográfico como elemento de entrada | Totemismo |
| Fuente del encabezamiento o término | |
| 9 (RLIN) | 21743 |
| 905 ## - TIPO DE MATERIAL | |
| Tipo de material | Libro |
| Estado de retiro | Estado de pérdida | Fuente del sistema de clasificación o colocación | Estado dañado | No para préstamo | Código de colección | Localización permanente | Ubicación/localización actual | Ubicación en estantería | Enumeración/cronología de publicación seriada | Total de préstamos | Clasificación | Código de barras | Fecha visto por última vez | Número de copia | Tipo de ítem Koha |
|---|---|---|---|---|---|---|---|---|---|---|---|---|---|---|---|
| Library of Congress Classification | Colección General | Bib. Gregorio Torres Quintero | Bib. Gregorio Torres Quintero | Planta baja | v. 2. | BL60 F4.2 | 316025 | 31/12/2020 | 1 | Libro | |||||
| Library of Congress Classification | Colección General | Bib. Gregorio Torres Quintero | Bib. Gregorio Torres Quintero | Planta baja | v. 2. | 1 | BL60 F4.2 | 316023 | 31/12/2020 | 1 | Libro | ||||
| Library of Congress Classification | Colección General | Bib. Gregorio Torres Quintero | Bib. Gregorio Torres Quintero | Planta baja | v. 2. | BL60 F4.2 | 316024 | 31/12/2020 | 1 | Libro |
